000 00606nam a2200193Ia 4500
003 GCL
008 140319s9999 xx 000 0 ara d
040 _aGCL /
_cGCL
082 0 4 _a810.9
_bا ت
100 1 _aالسيد فضل
245 1 0 _aتراثنا النقدى: دراسة فى كتاب الوساطة للقاضى الجرجانى /
_cالسيد فضل
260 _a[S.N] :
_bمنشاة المعارف الاسلامية ،
_c1987
300 _a140 ص
490 _a
650 0 4 _aالادب العربى
650 0 4 _aتاريخ ونقد
650 0 4 _aالمجموعات
942 _2ddc
_cBK
999 _c32286
_d32286